000 00690nam a2200289Ia 4500
005 20260324134735.0
008 008 260324s9999 xx 000 0 eng d
020 _a9780203470749
037 _aEBOOK
040 _aCRL
040 _beng
040 _cCRL
041 _2eng
041 _aeng
084 _qCRL
100 _aTim Sprod
_91197968
245 0 _aPhilosophical Discussion in Moral Education
245 4 _bThe Community of Ethical Inquiry
260 _bTaylor and Francis
260 _c2001
365 _a
365 _b230
856 _uhttp://www.taylorfrancis.com/books/9780203470749
942 _cEBOOK
999 _c1798359
_d1798359